000 00656nam a22002417a 4500
003 UA-OsUOA
001 80302
007 ta
008 20111205b un ||||| |||| 00| 0 ukr d
100 _aДойл
700 _aАртур Конан
090 _a821.161.2
_bД62
942 _cBK
040 _aUA-OsUOA
_bukr
_cUA-OsUOA
_dUA-OsUOA
245 _aСобака Баскервілів
_bПовість та оповідання
300 _a447 с.
955 _a2
041 _aukr
080 _a821.161.2
260 _aК.
_bДніпро
_c1992
650 7 _a82 Література. Літературознавство
_2UDC
999 _c366617
_d366617